[Event "Deutsche Ländermeisterschaft 2025"]
[Site "Oer-Erkenschwick GER"]
[Date "2025.10.01"]
[Round "1"]
[White "Boroshnev, Dmytro"]
[Black "Gao, Chenzhuo"]
[Result "1-0"]
[Termination "normal"]
[Board "6.6"]
[WhiteElo "1703"]
[BlackElo "1848"]
[WhiteClock "00:02:31"]
[BlackClock "00:11:21"]
[WhiteTeam "Thüringen"]
[BlackTeam "Hessen"]
[PlyCount "125"]
[WhiteFideId "34163611"]
[BlackFideId "34668608"]
[EventCountry "GER"]
[EventRounds "7"]
[EventType "team-swiss"]
[EventDate "2025.09.30"]

1. e4 {[%clk 01:30:56]} {[%emt 00:00:04]} c6 {[%clk 01:30:53]} {[%emt
00:00:08]} 2. d4 {[%clk 01:31:21]} {[%emt 00:00:05]} d5 {[%clk 01:31:20]}
{[%emt 00:00:02]} 3. e5 {[%clk 01:31:43]} {[%emt 00:00:08]} Bf5 {[%clk
01:31:37]} {[%emt 00:00:13]} 4. h4 {[%clk 01:32:05]} {[%emt 00:00:08]} Qc7
{[%clk 01:31:52]} {[%emt 00:00:16]} 5. Bd3 {[%clk 01:31:31]} {[%emt 00:01:03]}
Bxd3 {[%clk 01:31:57]} {[%emt 00:00:25]} 6. Qxd3 {[%clk 01:31:59]} {[%emt
00:00:03]} e6 {[%clk 01:31:43]} {[%emt 00:00:44]} 7. Nf3 {[%clk 01:32:04]}
{[%emt 00:00:23]} c5 {[%clk 01:31:25]} {[%emt 00:00:49]} 8. dxc5 {[%clk
01:31:43]} {[%emt 00:00:51]} Bxc5 {[%clk 01:31:37]} {[%emt 00:00:18]} 9. c3
{[%clk 01:31:49]} {[%emt 00:00:24]} Nc6 {[%clk 01:31:20]} {[%emt 00:00:47]} 10.
O-O {[%clk 01:31:43]} {[%emt 00:00:36]} Nge7 {[%clk 01:31:24]} {[%emt
00:00:26]} 11. b4 {[%clk 01:30:45]} {[%emt 00:01:28]} Bb6 {[%clk 01:31:14]}
{[%emt 00:00:40]} 12. Re1 {[%clk 01:30:57]} {[%emt 00:00:18]} a6 {[%clk
01:30:33]} {[%emt 00:01:10]} 13. h5 {[%clk 01:25:34]} {[%emt 00:05:52]} h6
{[%clk 01:29:37]} {[%emt 00:01:27]} 14. a4 {[%clk 01:23:09]} {[%emt 00:02:55]}
Rd8 {[%clk 01:26:25]} {[%emt 00:03:42]} 15. Bd2 {[%clk 01:21:20]} {[%emt
00:02:19]} Qb8 {[%clk 01:24:49]} {[%emt 00:02:07]} 16. Na3 {[%clk 01:17:22]}
{[%emt 00:04:26]} Bc7 {[%clk 01:22:51]} {[%emt 00:02:29]} 17. Qe2 {[%clk
01:17:39]} {[%emt 00:00:14]} Nf5 {[%clk 01:16:50]} {[%emt 00:06:30]} 18. g4
{[%clk 01:17:33]} {[%emt 00:00:36]} Nfe7 {[%clk 01:17:17]} {[%emt 00:00:04]}
19. Nc2 {[%clk 01:17:08]} {[%emt 00:00:53]} g6 {[%clk 01:15:17]} {[%emt
00:02:30]} 20. Ncd4 {[%clk 01:16:19]} {[%emt 00:01:19]} gxh5 {[%clk 01:15:06]}
{[%emt 00:00:44]} 21. gxh5 {[%clk 01:16:39]} {[%emt 00:00:09]} Bb6 {[%clk
01:14:29]} {[%emt 00:01:06]} 22. Nxc6 {[%clk 01:03:40]} {[%emt 00:13:29]} Nxc6
{[%clk 01:13:48]} {[%emt 00:01:11]} 23. a5 {[%clk 00:58:02]} {[%emt 00:06:08]}
Ba7 {[%clk 01:13:21]} {[%emt 00:00:56]} 24. b5 {[%clk 00:57:10]} {[%emt
00:01:22]} axb5 {[%clk 01:11:16]} {[%emt 00:02:35]} 25. Qxb5 {[%clk 00:57:34]}
{[%emt 00:00:07]} Rd7 {[%clk 01:11:01]} {[%emt 00:00:45]} 26. a6 {[%clk
00:53:47]} {[%emt 00:04:17]} Qc8 {[%clk 01:10:05]} {[%emt 00:01:26]} 27. Reb1
{[%clk 00:53:28]} {[%emt 00:00:49]} bxa6 {[%clk 01:10:07]} {[%emt 00:00:27]}
28. Rxa6 {[%clk 00:53:14]} {[%emt 00:00:45]} Rc7 {[%clk 01:05:34]} {[%emt
00:05:03]} 29. Be3 {[%clk 00:46:23]} {[%emt 00:07:20]} Bxe3 {[%clk 01:05:25]}
{[%emt 00:00:40]} 30. fxe3 {[%clk 00:46:46]} {[%emt 00:00:06]} O-O {[%clk
01:04:57]} {[%emt 00:00:59]} 31. Ra2 {[%clk 00:44:55]} {[%emt 00:02:21]} Kh8
{[%clk 01:04:35]} {[%emt 00:00:52]} 32. Rg2 {[%clk 00:44:13]} {[%emt 00:01:12]}
Rg8 {[%clk 01:04:18]} {[%emt 00:00:47]} 33. Rbb2 {[%clk 00:44:22]} {[%emt
00:00:20]} Rxg2+ {[%clk 01:04:11]} {[%emt 00:00:38]} 34. Rxg2 {[%clk 00:44:45]}
{[%emt 00:00:06]} Rb7 {[%clk 01:04:26]} {[%emt 00:00:16]} 35. Qa4 {[%clk
00:44:24]} {[%emt 00:00:51]} Rb1+ {[%clk 01:04:36]} {[%emt 00:00:21]} 36. Kh2
{[%clk 00:44:43]} {[%emt 00:00:10]} Ne7 {[%clk 00:56:49]} {[%emt 00:08:16]} 37.
Qh4 {[%clk 00:42:15]} {[%emt 00:02:57]} Qf8 {[%clk 00:54:58]} {[%emt 00:02:22]}
38. Qf6+ {[%clk 00:41:54]} {[%emt 00:00:51]} Kh7 {[%clk 00:55:20]} {[%emt
00:00:09]} 39. Nd4 {[%clk 00:41:39]} {[%emt 00:00:45]} Rb8 {[%clk 00:48:22]}
{[%emt 00:07:28]} 40. Rf2 {[%clk 00:41:08]} {[%emt 00:01:00]} Nf5 {[%clk
00:39:07]} {[%emt 00:09:46]} 41. Nxf5 {[%clk 00:41:21]} {[%emt 00:00:17]} exf5
{[%clk 00:39:22]} {[%emt 00:00:15]} 42. Qxf5+ {[%clk 00:41:45]} {[%emt
00:00:05]} Kg8 {[%clk 00:37:46]} {[%emt 00:02:06]} 43. Kg2 {[%clk 00:31:21]}
{[%emt 00:10:54]} Re8 {[%clk 00:32:09]} {[%emt 00:06:08]} 44. Rf3 {[%clk
00:27:24]} {[%emt 00:04:27]} Qe7 {[%clk 00:27:20]} {[%emt 00:05:18]} 45. Rg3+
{[%clk 00:24:56]} {[%emt 00:02:59]} Kh8 {[%clk 00:27:21]} {[%emt 00:00:27]} 46.
Qf4 {[%clk 00:16:56]} {[%emt 00:08:32]} Qe6 {[%clk 00:26:24]} {[%emt 00:01:28]}
47. Rf3 {[%clk 00:14:37]} {[%emt 00:02:49]} Kg8 {[%clk 00:23:43]} {[%emt
00:03:10]} 48. Qg3+ {[%clk 00:13:35]} {[%emt 00:01:33]} Kh7 {[%clk 00:22:09]}
{[%emt 00:02:04]} 49. Qf4 {[%clk 00:11:47]} {[%emt 00:02:18]} Kg8 {[%clk
00:21:38]} {[%emt 00:01:01]} 50. Qg3+ {[%clk 00:09:12]} {[%emt 00:03:06]} Kh7
{[%clk 00:21:57]} {[%emt 00:00:11]} 51. Rf6 {[%clk 00:09:37]} {[%emt 00:00:04]}
Qd7 {[%clk 00:14:33]} {[%emt 00:07:54]} 52. Qf4 {[%clk 00:08:52]} {[%emt
00:01:15]} Rg8+ {[%clk 00:14:56]} {[%emt 00:00:08]} 53. Kh2 {[%clk 00:08:11]}
{[%emt 00:01:11]} Rg7 {[%clk 00:14:24]} {[%emt 00:01:01]} 54. Rxh6+ {[%clk
00:07:39]} {[%emt 00:01:01]} Kg8 {[%clk 00:14:48]} {[%emt 00:00:07]} 55. Rd6
{[%clk 00:02:05]} {[%emt 00:06:05]} Qc8 {[%clk 00:12:54]} {[%emt 00:02:17]} 56.
h6 {[%clk 00:00:41]} {[%emt 00:02:01]} Rg6 {[%clk 00:10:53]} {[%emt 00:02:30]}
57. Rxg6+ {[%clk 00:01:00]} {[%emt 00:00:12]} fxg6 {[%clk 00:11:03]} {[%emt
00:00:21]} 58. Qf6 {[%clk 00:01:23]} {[%emt 00:00:07]} Qb7 {[%clk 00:10:31]}
{[%emt 00:01:02]} 59. Qxg6+ {[%clk 00:01:35]} {[%emt 00:00:17]} Kh8 {[%clk
00:10:45]} {[%emt 00:00:16]} 60. Kg3 {[%clk 00:01:19]} {[%emt 00:00:47]} d4
{[%clk 00:10:34]} {[%emt 00:00:41]} 61. Qg7+ {[%clk 00:01:41]} {[%emt
00:00:07]} Qxg7+ {[%clk 00:10:56]} {[%emt 00:00:09]} 62. hxg7+ {[%clk
00:02:08]} {[%emt 00:00:03]} Kxg7 {[%clk 00:11:21]} {[%emt 00:00:05]} 63. exd4
{[%clk 00:02:31]} {[%emt 00:00:06]} 1-0

[Event "Deutsche Ländermeisterschaft 2025"]
[Site "Oer-Erkenschwick GER"]
[Date "2025.10.01"]
[Round "1"]
[White "Dedic, Sajra"]
[Black "Ignatova, Gabriela"]
[Result "1/2-1/2"]
[Termination "normal"]
[Board "6.7"]
[WhiteElo "1625"]
[BlackElo "1703"]
[WhiteClock "00:01:38"]
[BlackClock "00:07:51"]
[WhiteTeam "Hessen"]
[BlackTeam "Thüringen"]
[PlyCount "53"]
[WhiteFideId "14422794"]
[BlackFideId "34623698"]
[EventCountry "GER"]
[EventRounds "7"]
[EventType "team-swiss"]
[EventDate "2025.09.30"]

1. d4 {[%clk 01:30:57]} {[%emt 00:00:03]} Nf6 {[%clk 01:30:52]} {[%emt
00:00:07]} 2. Bg5 {[%clk 01:31:22]} {[%emt 00:00:06]} c5 {[%clk 01:31:05]}
{[%emt 00:00:17]} 3. d5 {[%clk 01:31:09]} {[%emt 00:00:42]} Ne4 {[%clk
01:30:03]} {[%emt 00:01:31]} 4. Bc1 {[%clk 01:20:58]} {[%emt 00:10:43]} e6
{[%clk 01:25:15]} {[%emt 00:05:18]} 5. c4 {[%clk 01:15:45]} {[%emt 00:05:42]}
Na6 {[%clk 01:06:54]} {[%emt 00:18:51]} 6. e3 {[%clk 00:53:40]} {[%emt
00:22:36]} Nb4 {[%clk 01:04:22]} {[%emt 00:03:01]} 7. Bd3 {[%clk 00:43:04]}
{[%emt 00:11:06]} exd5 {[%clk 00:46:39]} {[%emt 00:18:13]} 8. cxd5 {[%clk
00:41:03]} {[%emt 00:02:31]} Nf6 {[%clk 00:43:28]} {[%emt 00:03:41]} 9. Nf3
{[%clk 00:15:44]} {[%emt 00:25:49]} Nbxd5 {[%clk 00:41:39]} {[%emt 00:02:20]}
10. O-O {[%clk 00:13:45]} {[%emt 00:02:28]} Be7 {[%clk 00:38:21]} {[%emt
00:03:47]} 11. a3 {[%clk 00:09:42]} {[%emt 00:04:33]} d6 {[%clk 00:37:36]}
{[%emt 00:01:15]} 12. Re1 {[%clk 00:07:24]} {[%emt 00:02:49]} O-O {[%clk
00:37:31]} {[%emt 00:00:35]} 13. Qc2 {[%clk 00:07:35]} {[%emt 00:00:19]} h6
{[%clk 00:36:47]} {[%emt 00:01:15]} 14. b3 {[%clk 00:06:22]} {[%emt 00:01:43]}
Bg4 {[%clk 00:33:39]} {[%emt 00:03:37]} 15. Nbd2 {[%clk 00:06:25]} {[%emt
00:00:27]} Nd7 {[%clk 00:28:45]} {[%emt 00:05:23]} 16. Be4 {[%clk 00:04:26]}
{[%emt 00:02:30]} Bf6 {[%clk 00:27:43]} {[%emt 00:01:31]} 17. Bb2 {[%clk
00:02:54]} {[%emt 00:02:03]} Bxb2 {[%clk 00:27:50]} {[%emt 00:00:24]} 18. Qxb2
{[%clk 00:03:22]} {[%emt 00:00:02]} N7f6 {[%clk 00:25:24]} {[%emt 00:02:56]}
19. Bd3 {[%clk 00:03:17]} {[%emt 00:00:35]} Rb8 {[%clk 00:24:54]} {[%emt
00:00:59]} 20. Be2 {[%clk 00:01:42]} {[%emt 00:02:06]} b5 {[%clk 00:18:54]}
{[%emt 00:06:29]} 21. Rad1 {[%clk 00:01:18]} {[%emt 00:00:55]} Qc7 {[%clk
00:17:53]} {[%emt 00:01:29]} 22. h3 {[%clk 00:00:42]} {[%emt 00:01:09]} Bh5
{[%clk 00:17:26]} {[%emt 00:00:57]} 23. Qc2 {[%clk 00:00:50]} {[%emt 00:00:22]}
Bg6 {[%clk 00:16:59]} {[%emt 00:00:57]} 24. Bd3 {[%clk 00:01:14]} {[%emt
00:00:06]} Bxd3 {[%clk 00:16:18]} {[%emt 00:01:11]} 25. Qxd3 {[%clk 00:01:40]}
{[%emt 00:00:04]} Qa5 {[%clk 00:15:23]} {[%emt 00:01:24]} 26. e4 {[%clk
00:01:34]} {[%emt 00:00:37]} Qc3 {[%clk 00:07:51]} {[%emt 00:07:59]} 27. Nb1
{[%clk 00:01:38]} {[%emt 00:00:30]} 1/2-1/2

[Event "Deutsche Ländermeisterschaft 2025"]
[Site "Oer-Erkenschwick GER"]
[Date "2025.10.01"]
[Round "1"]
[White "Sniegowski, Victoria"]
[Black "Huang, Flora Yueya"]
[Result "0-1"]
[Termination "normal"]
[Board "6.8"]
[WhiteElo "1485"]
[BlackElo "1750"]
[WhiteClock "00:10:40"]
[BlackClock "00:27:48"]
[WhiteTeam "Thüringen"]
[BlackTeam "Hessen"]
[PlyCount "109"]
[WhiteFideId "34675612"]
[BlackFideId "533015651"]
[EventCountry "GER"]
[EventRounds "7"]
[EventType "team-swiss"]
[EventDate "2025.09.30"]

1. e4 {[%clk 01:30:58]} {[%emt 00:00:01]} c5 {[%clk 01:30:55]} {[%emt
00:00:05]} 2. c3 {[%clk 01:31:19]} {[%emt 00:00:09]} Nc6 {[%clk 01:30:40]}
{[%emt 00:00:45]} 3. Nf3 {[%clk 01:31:36]} {[%emt 00:00:13]} e6 {[%clk
01:30:57]} {[%emt 00:00:13]} 4. d4 {[%clk 01:31:42]} {[%emt 00:00:24]} cxd4
{[%clk 01:28:28]} {[%emt 00:03:00]} 5. cxd4 {[%clk 01:32:01]} {[%emt 00:00:11]}
Nf6 {[%clk 01:26:28]} {[%emt 00:02:30]} 6. Nc3 {[%clk 01:32:18]} {[%emt
00:00:13]} Bb4 {[%clk 01:25:12]} {[%emt 00:01:46]} 7. Bd3 {[%clk 01:32:15]}
{[%emt 00:00:32]} d6 {[%clk 01:17:50]} {[%emt 00:07:52]} 8. O-O {[%clk
01:29:28]} {[%emt 00:03:17]} a6 {[%clk 01:13:11]} {[%emt 00:05:09]} 9. Be3
{[%clk 01:24:00]} {[%emt 00:05:58]} Qc7 {[%clk 01:11:49]} {[%emt 00:01:53]} 10.
Qc2 {[%clk 01:22:29]} {[%emt 00:02:00]} Ba5 {[%clk 01:11:20]} {[%emt 00:00:59]}
11. Rac1 {[%clk 01:20:24]} {[%emt 00:02:35]} Nb4 {[%clk 01:10:12]} {[%emt
00:01:38]} 12. Qd1 {[%clk 01:07:42]} {[%emt 00:13:12]} Nxd3 {[%clk 01:10:23]}
{[%emt 00:00:20]} 13. Qxd3 {[%clk 01:07:55]} {[%emt 00:00:15]} Qd8 {[%clk
01:09:40]} {[%emt 00:01:12]} 14. Rfd1 {[%clk 01:04:20]} {[%emt 00:04:06]} h6
{[%clk 00:55:09]} {[%emt 00:15:03]} 15. h3 {[%clk 00:58:11]} {[%emt 00:06:38]}
O-O {[%clk 00:50:37]} {[%emt 00:05:02]} 16. Bf4 {[%clk 00:53:45]} {[%emt
00:04:55]} Nh5 {[%clk 00:48:39]} {[%emt 00:02:29]} 17. Bd2 {[%clk 00:48:56]}
{[%emt 00:05:16]} b5 {[%clk 00:48:12]} {[%emt 00:01:00]} 18. Ne2 {[%clk
00:42:30]} {[%emt 00:06:55]} Bxd2 {[%clk 00:48:24]} {[%emt 00:00:19]} 19. Rxd2
{[%clk 00:42:02]} {[%emt 00:00:58]} Bb7 {[%clk 00:48:39]} {[%emt 00:00:14]} 20.
Qe3 {[%clk 00:40:40]} {[%emt 00:01:51]} Nf6 {[%clk 00:44:37]} {[%emt 00:04:34]}
21. e5 {[%clk 00:38:02]} {[%emt 00:03:08]} Nd5 {[%clk 00:44:45]} {[%emt
00:00:22]} 22. Qe4 {[%clk 00:35:06]} {[%emt 00:03:25]} dxe5 {[%emt 00:01:39]}
23. dxe5 {[%clk 00:34:45]} {[%emt 00:00:33]} Rc8 {[%clk 00:43:02]} {[%emt
00:01:22]} 24. Rcd1 {[%clk 00:33:20]} {[%emt 00:01:52]} Qe7 {[%clk 00:43:14]}
{[%emt 00:00:21]} 25. Qg4 {[%clk 00:32:51]} {[%emt 00:00:49]} Rc4 {[%clk
00:41:50]} {[%emt 00:02:02]} 26. Qg3 {[%clk 00:31:56]} {[%emt 00:01:26]} Rfc8
{[%clk 00:37:07]} {[%emt 00:05:14]} 27. Nc3 {[%clk 00:30:08]} {[%emt 00:02:18]}
Nxc3 {[%clk 00:34:29]} {[%emt 00:03:08]} 28. bxc3 {[%clk 00:29:48]} {[%emt
00:00:50]} Bd5 {[%clk 00:33:34]} {[%emt 00:01:25]} 29. Ra1 {[%clk 00:26:37]}
{[%emt 00:03:40]} Rxc3 {[%clk 00:32:59]} {[%emt 00:01:06]} 30. a4 {[%clk
00:23:39]} {[%emt 00:03:29]} Rc1+ {[%clk 00:32:40]} {[%emt 00:00:48]} 31. Rxc1
{[%clk 00:23:32]} {[%emt 00:00:36]} Rxc1+ {[%clk 00:33:05]} {[%emt 00:00:05]}
32. Kh2 {[%clk 00:23:50]} {[%emt 00:00:13]} bxa4 {[%clk 00:33:17]} {[%emt
00:00:17]} 33. Nd4 {[%clk 00:22:48]} {[%emt 00:01:33]} Qg5 {[%clk 00:32:38]}
{[%emt 00:01:07]} 34. Qxg5 {[%clk 00:22:03]} {[%emt 00:01:16]} hxg5 {[%clk
00:33:03]} {[%emt 00:00:05]} 35. Rd3 {[%clk 00:21:39]} {[%emt 00:00:47]} Re1
{[%clk 00:33:13]} {[%emt 00:00:26]} 36. Ra3 {[%clk 00:21:41]} {[%emt 00:00:29]}
Rxe5 {[%clk 00:33:34]} {[%emt 00:00:10]} 37. Rxa4 {[%clk 00:21:22]} {[%emt
00:00:48]} Bb7 {[%clk 00:33:00]} {[%emt 00:01:03]} 38. Rb4 {[%clk 00:20:11]}
{[%emt 00:01:40]} Be4 {[%clk 00:32:40]} {[%emt 00:00:51]} 39. f3 {[%clk
00:18:57]} Bd3 {[%clk 00:31:00]} {[%emt 00:03:55]} 40. Nc6 {[%clk 00:18:21]}
Rb5 {[%clk 00:30:24]} {[%emt 00:02:07]} 41. Rd4 {[%emt 00:00:57]} Be2 {[%clk
00:28:47]} {[%emt 00:01:49]} 42. Ra4 {[%clk 00:17:54]} {[%emt 00:00:52]} Rb6
{[%clk 00:28:33]} {[%emt 00:00:44]} 43. Nd4 {[%emt 00:00:55]} Bb5 {[%clk
00:28:22]} {[%emt 00:00:30]} 44. Ra5 {[%clk 00:17:22]} Kf8 {[%clk 00:28:45]}
{[%emt 00:00:56]} 45. Kg3 {[%emt 00:01:07]} Ke7 {[%clk 00:28:52]} {[%emt
00:00:05]} 46. Kg4 {[%clk 00:16:26]} {[%emt 00:01:06]} f6 {[%clk 00:29:13]}
{[%emt 00:00:11]} 47. Kh5 {[%clk 00:15:49]} {[%emt 00:01:06]} Kf7 {[%clk
00:29:29]} {[%emt 00:00:13]} 48. Kg4 {[%emt 00:02:26]} Bf1 {[%clk 00:28:34]}
{[%emt 00:01:08]} 49. Kg3 {[%clk 00:14:14]} {[%emt 00:00:27]} Rb2 {[%clk
00:28:03]} {[%emt 00:01:01]} 50. Kh2 {[%clk 00:11:48]} Rxg2+ {[%clk 00:28:03]}
51. Kh1 {[%clk 00:11:48]} Rb2 {[%clk 00:28:03]} 52. Ra1 Bxh3 {[%clk 00:28:01]}
53. Rxa6 {[%clk 00:10:59]} {[%emt 00:00:20]} Rd2 {[%clk 00:27:46]} {[%emt
00:00:44]} 54. Ra7+ {[%clk 00:10:40]} {[%emt 00:00:50]} Kg6 {[%clk 00:27:48]}
{[%emt 00:00:28]} 55. Nc6 {[%emt 00:02:55]} 0-1

[Event "Deutsche Ländermeisterschaft 2025"]
[Site "Oer-Erkenschwick GER"]
[Date "2025.10.01"]
[Round "1"]
[White "Herrmann, Jakob"]
[Black "Haubold, Sebastian"]
[Result "1/2-1/2"]
[Termination "normal"]
[Board "7.1"]
[WhiteTitle "FM"]
[WhiteElo "2252"]
[BlackElo "2153"]
[WhiteClock "00:03:54"]
[BlackClock "00:05:15"]
[WhiteTeam "Mecklenburg-Vorpommern"]
[BlackTeam "Sachsen-Anhalt"]
[PlyCount "78"]
[WhiteFideId "16287169"]
[BlackFideId "16259637"]
[EventCountry "GER"]
[EventRounds "7"]
[EventType "team-swiss"]
[EventDate "2025.09.30"]

1. d4 {[%clk 01:30:50]} {[%emt 00:00:10]} Nf6 {[%clk 01:30:43]} {[%emt
00:00:17]} 2. Nf3 {[%clk 01:30:39]} {[%emt 00:00:40]} g6 {[%clk 01:30:28]}
{[%emt 00:00:45]} 3. g3 {[%clk 01:30:59]} {[%emt 00:00:11]} Bg7 {[%clk
01:30:36]} {[%emt 00:00:21]} 4. Bg2 {[%clk 01:31:23]} {[%emt 00:00:06]} O-O
{[%clk 01:30:47]} {[%emt 00:00:19]} 5. O-O {[%clk 01:31:48]} {[%emt 00:00:06]}
d6 {[%clk 01:30:50]} {[%emt 00:00:26]} 6. Re1 {[%clk 01:32:12]} {[%emt
00:00:07]} c5 {[%clk 01:25:10]} {[%emt 00:06:09]} 7. dxc5 {[%clk 01:28:00]}
{[%emt 00:04:41]} dxc5 {[%clk 01:23:40]} {[%emt 00:02:01]} 8. Qxd8 {[%clk
01:28:14]} {[%emt 00:00:16]} Rxd8 {[%clk 01:24:09]} {[%emt 00:00:02]} 9. c3
{[%clk 01:28:34]} {[%emt 00:00:10]} Nc6 {[%clk 01:11:01]} {[%emt 00:13:37]} 10.
Be3 {[%clk 01:27:20]} {[%emt 00:01:45]} c4 {[%clk 01:05:10]} {[%emt 00:06:22]}
11. Nd4 {[%clk 01:08:59]} {[%emt 00:18:50]} Nxd4 {[%clk 00:56:22]} {[%emt
00:09:17]} 12. Bxd4 {[%clk 01:09:23]} {[%emt 00:00:06]} Ne8 {[%clk 00:50:01]}
{[%emt 00:06:49]} 13. Bxg7 {[%clk 01:04:51]} {[%emt 00:05:03]} Kxg7 {[%clk
00:49:17]} {[%emt 00:01:14]} 14. Na3 {[%clk 01:05:06]} {[%emt 00:00:15]} Be6
{[%clk 00:47:15]} {[%emt 00:02:31]} 15. Rad1 {[%clk 00:49:54]} {[%emt
00:15:44]} Rab8 {[%clk 00:36:42]} {[%emt 00:11:00]} 16. Nc2 {[%clk 00:43:54]}
{[%emt 00:06:32]} Nc7 {[%clk 00:29:01]} {[%emt 00:08:12]} 17. Nd4 {[%clk
00:31:54]} {[%emt 00:12:30]} Bd7 {[%clk 00:25:22]} {[%emt 00:04:08]} 18. Rd2
{[%clk 00:30:36]} {[%emt 00:01:48]} e5 {[%clk 00:21:46]} {[%emt 00:04:06]} 19.
Nf3 {[%clk 00:27:48]} {[%emt 00:03:19]} Be6 {[%clk 00:21:31]} {[%emt 00:00:44]}
20. Red1 {[%clk 00:23:57]} {[%emt 00:04:21]} Rxd2 {[%clk 00:21:41]} {[%emt
00:00:21]} 21. Rxd2 {[%clk 00:24:25]} {[%emt 00:00:01]} f6 {[%clk 00:21:24]}
{[%emt 00:00:46]} 22. Ne1 {[%clk 00:23:19]} {[%emt 00:01:37]} Kf7 {[%clk
00:21:11]} {[%emt 00:00:43]} 23. Nc2 {[%clk 00:23:16]} {[%emt 00:00:33]} Ke7
{[%clk 00:20:39]} {[%emt 00:01:02]} 24. Kf1 {[%clk 00:16:56]} {[%emt 00:06:51]}
a5 {[%clk 00:18:45]} {[%emt 00:02:22]} 25. Ke1 {[%clk 00:10:38]} {[%emt
00:06:51]} b5 {[%clk 00:18:31]} {[%emt 00:00:42]} 26. Ne3 {[%clk 00:11:03]}
{[%emt 00:00:06]} Rd8 {[%clk 00:10:19]} {[%emt 00:08:42]} 27. Rxd8 {[%clk
00:08:23]} {[%emt 00:03:11]} Kxd8 {[%clk 00:10:46]} {[%emt 00:00:03]} 28. Bc6
{[%clk 00:05:32]} {[%emt 00:03:21]} Ke7 {[%clk 00:06:20]} {[%emt 00:04:57]} 29.
a4 {[%clk 00:05:53]} {[%emt 00:00:09]} b4 {[%clk 00:05:47]} {[%emt 00:01:01]}
30. cxb4 {[%clk 00:02:59]} {[%emt 00:03:26]} axb4 {[%clk 00:06:12]} {[%emt
00:00:04]} 31. Bb7 {[%clk 00:03:19]} {[%emt 00:00:11]} Kd6 {[%clk 00:06:27]}
{[%emt 00:00:15]} 32. a5 {[%clk 00:01:09]} {[%emt 00:02:39]} Kc5 {[%clk
00:06:52]} {[%emt 00:00:05]} 33. a6 {[%clk 00:01:36]} {[%emt 00:00:03]} Kb6
{[%clk 00:07:15]} {[%emt 00:00:07]} 34. Nc2 {[%clk 00:02:03]} {[%emt 00:00:03]}
b3 {[%clk 00:04:16]} {[%emt 00:03:29]} 35. Na3 {[%clk 00:02:28]} {[%emt
00:00:05]} Nxa6 {[%clk 00:03:53]} {[%emt 00:00:53]} 36. Bxa6 {[%clk 00:02:54]}
{[%emt 00:00:05]} Kxa6 {[%clk 00:04:19]} {[%emt 00:00:03]} 37. Kd2 {[%clk
00:03:19]} {[%emt 00:00:06]} Kb6 {[%clk 00:04:46]} {[%emt 00:00:03]} 38. Kc3
{[%clk 00:03:31]} {[%emt 00:00:18]} Kc5 {[%clk 00:05:15]} {[%emt 00:00:01]} 39.
Nb1 {[%clk 00:03:54]} {[%emt 00:00:07]} Bd5 {[%emt 00:03:16]} 1/2-1/2

[Event "Deutsche Ländermeisterschaft 2025"]
[Site "Oer-Erkenschwick GER"]
[Date "2025.10.01"]
[Round "1"]
[White "Belin, Anton"]
[Black "Großmann, Piet"]
[Result "1-0"]
[Termination "normal"]
[Board "7.2"]
[WhiteElo "2124"]
[BlackElo "2077"]
[WhiteClock "00:25:26"]
[BlackClock "00:01:15"]
[WhiteTeam "Sachsen-Anhalt"]
[BlackTeam "Mecklenburg-Vorpommern"]
[PlyCount "55"]
[WhiteFideId "34610952"]
[BlackFideId "16234359"]
[EventCountry "GER"]
[EventRounds "7"]
[EventType "team-swiss"]
[EventDate "2025.09.30"]

1. e4 {[%clk 01:30:57]} {[%emt 00:00:03]} e6 {[%clk 01:30:54]} {[%emt
00:00:06]} 2. d4 {[%clk 01:31:15]} {[%emt 00:00:12]} d5 {[%clk 01:31:12]}
{[%emt 00:00:11]} 3. Nd2 {[%clk 01:31:14]} {[%emt 00:00:32]} c5 {[%clk
01:31:18]} {[%emt 00:00:23]} 4. exd5 {[%clk 01:31:04]} {[%emt 00:00:40]} Qxd5
{[%clk 01:31:34]} {[%emt 00:00:14]} 5. dxc5 {[%clk 01:30:41]} {[%emt 00:00:54]}
Qxc5 {[%clk 01:31:20]} {[%emt 00:00:43]} 6. Ngf3 {[%clk 01:30:06]} {[%emt
00:01:05]} Nf6 {[%clk 01:31:19]} {[%emt 00:00:32]} 7. Bd3 {[%clk 01:29:18]}
{[%emt 00:01:17]} Nbd7 {[%clk 01:31:27]} {[%emt 00:00:22]} 8. O-O {[%clk
01:28:22]} {[%emt 00:01:26]} Qc7 {[%clk 01:30:39]} {[%emt 00:01:18]} 9. Qe2
{[%clk 01:24:49]} {[%emt 00:04:04]} Nc5 {[%clk 01:30:52]} {[%emt 00:00:16]} 10.
Bb5+ {[%clk 01:22:48]} {[%emt 00:02:31]} Bd7 {[%clk 01:31:14]} {[%emt
00:00:09]} 11. Bxd7+ {[%clk 01:17:21]} {[%emt 00:05:57]} Ncxd7 {[%clk
01:31:37]} {[%emt 00:00:07]} 12. c4 {[%clk 01:15:34]} {[%emt 00:02:17]} Be7
{[%clk 01:31:31]} {[%emt 00:00:35]} 13. b3 {[%clk 01:14:54]} {[%emt 00:01:10]}
O-O {[%clk 01:31:53]} {[%emt 00:00:09]} 14. Bb2 {[%clk 01:15:03]} {[%emt
00:00:21]} Rfd8 {[%clk 01:32:01]} {[%emt 00:00:21]} 15. Rfd1 {[%clk 01:08:06]}
{[%emt 00:07:26]} a6 {[%clk 01:31:02]} {[%emt 00:01:30]} 16. Rac1 {[%clk
01:06:46]} {[%emt 00:01:50]} Rac8 {[%clk 01:27:18]} {[%emt 00:04:14]} 17. a3
{[%clk 00:52:27]} {[%emt 00:14:49]} Nc5 {[%clk 01:13:44]} {[%emt 00:14:03]} 18.
Bd4 {[%clk 00:43:56]} {[%emt 00:09:01]} a5 {[%clk 00:48:50]} {[%emt 00:25:25]}
19. h3 {[%clk 00:35:04]} {[%emt 00:09:23]} Ncd7 {[%clk 00:31:55]} {[%emt
00:17:25]} 20. c5 {[%clk 00:32:56]} {[%emt 00:02:39]} Nd5 {[%clk 00:31:14]}
{[%emt 00:01:10]} 21. Ne4 {[%clk 00:32:09]} {[%emt 00:01:17]} Qf4 {[%clk
00:15:10]} {[%emt 00:16:33]} 22. Rc4 {[%clk 00:29:06]} {[%emt 00:03:33]} Qf5
{[%clk 00:13:57]} {[%emt 00:01:43]} 23. Ng3 {[%clk 00:27:53]} {[%emt 00:01:44]}
Qg6 {[%clk 00:13:28]} {[%emt 00:00:58]} 24. Bxg7 {[%clk 00:27:00]} {[%emt
00:01:22]} Kxg7 {[%clk 00:06:34]} {[%emt 00:07:25]} 25. Rg4 {[%clk 00:26:33]}
{[%emt 00:00:56]} Nc3 {[%clk 00:04:38]} {[%emt 00:02:26]} 26. Qb2 {[%clk
00:26:02]} {[%emt 00:01:01]} Bf6 {[%clk 00:04:52]} {[%emt 00:00:17]} 27. Rxd7
{[%clk 00:25:02]} {[%emt 00:01:29]} Rxd7 {[%clk 00:01:15]} {[%emt 00:04:07]}
28. Nh5+ {[%clk 00:25:26]} {[%emt 00:00:06]} 1-0